000
00179nam a2200085 4500
001
1258971
005
20260408091600.0
245
_a
BAŞLANGIÇ
_c
DAN BROWN
260
_b
ALTIN KİTAPLAR
999
_c
1258971
_d
1258971